Medzinárodné účtovné štandardy: Slovensko-anglický slovník ekonomických pojmov. [Peňažný a kapitálový trh]

Na minha lista:
Detalhes bibliográficos
Autor principal: Tumpach, Miloš, 1970-
Formato: Capítulo de Livro
Idioma:eslovaco
Tags: Adicionar Tag
Sem tags, seja o primeiro a adicionar uma tag!

MARC

LEADER 00000nla$a2200000$$$4500
001 0057494
005 20240502071640.8
041 0 |a slo 
044 |a SK 
245 1 0 |a Medzinárodné účtovné štandardy: Slovensko-anglický slovník ekonomických pojmov. [Peňažný a kapitálový trh]  |c Miloš Tumpach 
100 1 |a Tumpach, Miloš, 1970-